• 首页
  • 本馆介绍
  • 公告通知
  • 最新文献
  • 馆藏检索
  • 电子资源
  • 读者导购
  • 参考咨询
  • 我的图书馆
  • 登录
  • 详细信息显示
  • 放入我的书架
  • 预约/预借图书
  • 作者相关作品
  • 分类相关作品
  • 丛书相关作品
  • 出版社相关作品

书目信息

  • 表格格式
  • 工作单格式
  • 卡片格式
题名:
绘画色彩学
    
 
作者: 王化斌 著
分册:  
出版信息: 北京   人民美术出版社  1996.7
页数: 155页
开本: 16开
丛书名:
单 册:
中图分类: J206.3
科图分类:
主题词: 绘画理论
电子资源:
ISBN: 7-102-01662-X
000 00483nam0 2200193 45
001 0003061191
005 20031219104043.2
010    @a7-102-01662-X@dCNY28.00
100    @a20000306d1996 km y0chiy0120 ea
101    @achi
105    @a z 000yy
200 1  @a绘画色彩学@f王化斌著
210    @a北京@c人民美术出版社@d1996.7
215    @a155页@d16开
606 0  @a绘画理论
690    @aJ206.3@v1
701    @a王化斌@4著
801    @aCN@bTSTC@c20000306
905    @f1@b285506@dJ206.3@e141
    
    绘画色彩学/王化斌著.-北京:人民美术出版社,1996.7
    155页;16开
    
    
    ISBN 7-102-01662-X:CNY28.00
    
●
相关链接 在E读中查询图书 在五车中查询图书 在当当中查询图书 在豆瓣中查询图书


正题名:绘画色彩学     索取号:J206.3/141         预约/预借

序号 登录号 条形码 馆藏地/架位号 状态 备注
1 0285506   002855066   第一样本阅览室/ [索取号:J206.3/141] 在馆    
唐山师范学院图书馆 欢迎您!
大连网信软件有限公司© 版权所有